000
00223nam a22000857a 4500
008
170613b xxu||||| |||| 00| 0 eng d
100
_9
3379
_a
Pandey. V. K
245
_a
Information Technology - VII
260
_a
New Delhi
_b
APC
_c
2010
999
_c
6723
_d
6723